| 000 | 00575nam a2200217Ia 4500 | ||
|---|---|---|---|
| 003 | 0100 | ||
| 008 | 130303s9999 xx 000 0 und d | ||
| 020 | _a0521465915 | ||
| 040 | _cARRUPELIB | ||
| 050 | _aB3376.W564C3451 1996 | ||
| 245 | 4 | _aThe Cambridge companion to Wittgenstein | |
| 260 | _aCambridge | ||
| 260 | _bCambridge University Press | ||
| 260 | _C1996 | ||
| 300 | _aix | ||
| 300 | _b 509 p. 23 cm | ||
| 650 | _aPHILOSOPHY | ||
| 650 | _bSpinoza, Benedictus de, 1632-1677--Views on God | ||
| 700 | _aSluga, Hans and Stern, David G.(ed.) | ||
| 942 | 0 | 0 | _02 |
| 999 |
_c13130 _d13130 |
||